| 000 | 00440nam a2200181Ia 4500 | ||
|---|---|---|---|
| 003 | 0STCL | ||
| 008 | 150530s9999 xx 000 0 und d | ||
| 040 |
_aSTCL _cSTCL |
||
| 100 | _aJanardhanan Pillai, C.P.;Vijayalakshmy,V.G | ||
| 245 | _aCalculus | ||
| 250 | _a1 | ||
| 260 |
_bCalicut university central co-operative store _c2010 |
||
| 300 | _a0 | ||
| 546 | _aEnglish | ||
| 942 |
_2ddc _cBK |
||
| 999 |
_c22609 _d22609 |
||
| 005 | 20220125165941.0 | ||